各五十音で始まる市町村で最も人口の多い市町村TOP3 - Statistics

General Stats
  • This quiz has been taken 673 times
  • The average score is 79 of 129
Answer Stats
順位 地方 人口(人) 市町村 % Correct
3 北海道 329,306 旭川市
92%
1 近畿 2,752,412 大阪市
89%
1 北海道 1,973,395 札幌市
87%
1 関東 518,757 宇都宮市
86%
3 中国 724,691 岡山市
86%
1 関東 1,538,262 川崎市
86%
1 近畿 1,463,723 京都市
86%
1 関東 695,043 足立区
85%
2 九州 939,029 北九州市
85%
1 近畿 1,525,152 神戸市
85%
2 関東 1,324,025 さいたま市
84%
1 九州 738,865 熊本市
83%
1 東北 1,096,704 仙台市
83%
3 近畿 826,161 堺市
82%
1 中部 693,389 静岡市
82%
1 中部 2,332,176 名古屋市
82%
1 関東 3,777,491 横浜市
82%
1 関東 697,932 江戸川区
81%
3 九州 593,128 鹿児島市
81%
2 近畿 459,593 尼崎市
80%
2 関東 748,081 大田区
80%
2 関東 943,664 世田谷区
80%
1 関東 974,951 千葉市
80%
1 中国 1,200,754 広島市
80%
1 九州 1,612,392 福岡市
80%
1 四国 417,496 高松市
79%
1 関東 584,483 板橋区
78%
2 中国 474,592 倉敷市
78%
3 九州 303,316 久留米市
78%
1 中部 789,275 新潟市
78%
1 中部 790,718 浜松市
78%
2 関東 496,676 市川市
77%
2 関東 594,274 川口市
77%
1 近畿 356,729 和歌山市
77%
2 九州 409,118 長崎市
76%
1 四国 511,192 松山市
76%
3 北海道 121,056 江別市
75%
3 中部 402,557 岐阜市
75%
1 近畿 274,537 津市
75%
2 中部 413,938 富山市
75%
2 関東 524,310 江東区
74%
1 中部 422,330 豊田市
74%
3 中部 372,760 長野市
74%
1 関東 752,608 練馬区
74%
3 北海道 251,084 函館市
73%
3 中国 460,930 福山市
73%
1 九州 401,339 宮崎市
73%
1 北海道 20,114 留萌市
73%
2 関東 579,355 八王子市
72%
2 近畿 530,495 姫路市
72%
2 関東 642,907 船橋市
72%
1 東北 289,731 盛岡市
72%
3 中部 380,073 一宮市
71%
1 関東 288,088 目黒区
71%
2 関東 422,488 品川区
70%
3 関東 349,385 新宿区
70%
1 関東 591,108 杉並区
68%
1 中部 189,386 沼津市
68%
2 近畿 229,733 寝屋川市
68%
2 東北 247,590 山形市
68%
1 東北 61,147 気仙沼市
67%
3 近畿 493,940 東大阪市
67%
2 関東 498,232 松戸市
67%
2 近畿 485,587 西宮市
66%
2 関東 388,078 横須賀市
66%
2 北海道 2,509 礼文町
66%
2 近畿 179,630 宇治市
65%
2 近畿 385,567 吹田市
65%
3 近畿 401,558 豊中市
65%
3 近畿 305,424 四日市市
65%
2 関東 372,973 高崎市
64%
3 近畿 352,698 高槻市
64%
2 関東 241,656 つくば市
64%
1 関東 152,638 野田市
64%
2 関東 270,685 水戸市
63%
2 関東 45,337 沼田市
62%
3 北海道 24,636 根室市
62%
3 関東 272,085 墨田区
61%
3 北海道 82,383 室蘭市
61%
3 関東 341,621 越谷市
59%
3 関東 431,079 町田市
58%
1 関東 150,149 武蔵野市
54%
3 関東 242,389 茅ヶ崎市
53%
3 関東 260,486 港区
53%
2 関東 83,989 和光市
53%
1 関東 248,304 草加市
52%
1 近畿 264,642 八尾市
52%
2 関東 242,614 調布市
50%
2 東北 62,140 天童市
50%
3 中部 127,792 瀬戸市
49%
1 九州 115,321 別府市
49%
2 中国 69,030 総社市
48%
2 北海道 4,722 羅臼町
47%
1 東北 10,447 六戸町
47%
2 東北 10,367 六ヶ所村
47%
3 関東 74,283 蕨市
47%
3 関東 207,388 西東京市
46%
2 関東 136,516 海老名市
45%
2 近畿 143,096 守口市
44%
1 東北 74,707 由利本荘市
44%
2 北海道 1,911 留寿都村
44%
1 中国 113,979 防府市
43%
3 北海道 2,909 沼田町
41%
3 北海道 18,048 芽室町
41%
3 関東 239,169 大和市
41%
3 北海道 4,568 蘭越町
41%
2 九州 118,394 延岡市
40%
1 近畿 63,889 天理市
38%
2 近畿 68,820 栗東市
38%
1 九州 7,114 苓北町
38%
3 関東 171,362 浦安市
37%
3 関東 142,074 土浦市
37%
1 関東 76,420 龍ケ崎市
37%
3 中部 57,238 野々市市
36%
2 中部 72,458 碧南市
36%
1 関東 17,889 嵐山町
34%
3 北海道 6,955 弟子屈町
32%
2 関東 78,569 本庄市
32%
2 九州 97,095 宗像市
32%
3 関東 63,883 袖ケ浦市
28%
3 東北 35,182 利府町
28%
2 中部 30,428 下呂市
27%
3 近畿 18,009 平群町
25%
3 関東 86,782 茂原市
24%
2 九州 71,426 行橋市
24%
3 関東 50,645 結城市
23%
3 九州 12,878 桂川町
20%
3 関東 45,953 鉾田市
18%
2 近畿 22,445 明和町
15%
No matching quizzes found
Score Distribution
Percent of People with Each Score
Percentile by Number Answered
Your Score History
You have not taken this quiz